[Event "13th Norway Chess 2025"]
[Site "Stavanger NOR"]
[Date "2025.06.03"]
[Round "8.2"]
[White "Wei, Yi"]
[Black "Carlsen, Magnus"]
[Result "1-0"]
[WhiteElo "2758"]
[BlackElo "2837"]
[Annotator "Tactical Analysis 7.0"]
[PlyCount "93"]
[EventDate "2025.05.26"]

1. e4 e5 2. Bc4 Nf6 3. d3 c6 4. Nf3 Be7 5. O-O d6 6. c3 {C24: Bishop's Opening: 2...Nf6.} Nbd7 ({RR} 6... Bg4 7. h3 Bxf3 8. Qxf3 Nbd7 9. Qg3 O-O 10. f4 exf4 11. Bxf4 Nh5 12. Qg4 Nxf4 13. Qxf4 d5 14. exd5 cxd5 15. Bb3 Nf6 16. Nd2 a5 17. Rae1 Bd6 18. Qf3 a4 19. Bc2 Qb6+ 20. Kh1 Qxb2 21. Rc1 {Akhayan,R (2249)-Rose,F (2091) chess.com INT 2024 1-0 (41)}) ({RR} 6... Bg4 7. h3 Bxf3 8. Qxf3 Nbd7 9. Qg3 O-O 10. f4 exf4 11. Bxf4 Nh5 12. Qg4 Nxf4 13. Qxf4 d5 14. exd5 cxd5 15. Bb3 Nf6 16. Nd2 a5 17. Rae1 Bd6 18. Qf3 a4 19. Bc2 Qb6+ 20. Kh1 Qxb2 21. Rc1 {Akhayan,R (2249)-Rose,F (2091) chess.com INT 2024 1-0 (41)}) 7. Re1 Nf8 (7... O-O $11) 8. Qb3 $14 {White is slightly better.} Ne6 9. d4 $146 ({Predecessor:} 9. Bxe6 fxe6 10. d4 exd4 11. Nxd4 d5 12. exd5 exd5 13. Bg5 O-O 14. Nd2 Kh8 15. Bh4 {½-½ Fernandez Garcia,J (2474)-Kaplan,S (2345) Andorra op 24th 2006 (7)}) ({RR} 9. Bxe6 fxe6 10. d4 exd4 11. Nxd4 d5 12. exd5 exd5 13. Bg5 O-O 14. Nd2 Kh8 15. Bh4 Bd6 16. Nf1 c5 17. Nf3 b6 18. Bg3 Bb7 19. Rad1 Bxg3 20. Nxg3 Qc7 21. Qa4 Bc6 22. Qh4 Rae8 23. Ng5 Qd7 {Fernandez Garcia,J (2474)-Kaplan,S (2345) Andorra 2006 ½-½ (46)}) ({RR} 9. Bxe6 fxe6 10. d4 exd4 11. Nxd4 d5 12. exd5 exd5 13. Bg5 O-O 14. Nd2 Kh8 15. Bh4 Bd6 16. Nf1 c5 17. Nf3 b6 18. Bg3 Bb7 19. Rad1 Bxg3 20. Nxg3 Qc7 21. Qa4 Bc6 22. Qh4 Rae8 23. Ng5 Qd7 {Fernandez Garcia,J (2474)-Kaplan,S (2345) Andorra 2006 ½-½ (46)}) 9... Qc7 10. Nbd2 O-O 11. Bf1 Re8 12. a4 a5 (12... exd4 $11 13. cxd4 Bd7) 13. Nc4 exd4 14. Nb6 {White is much more active.} Rb8 15. cxd4 Bd8 16. Nxc8 Rxc8 17. Bd2 Qb6 $1 18. Qd3 d5 19. e5 Ne4 {[%cal Oe4d2]} 20. Be3 Be7 {[%cal Oc6c5]} (20... Qxb2 21. Reb1 Qc3 22. Qd1 $18 (22. Qxc3 Nxc3 23. Rb3 Ne4 $11)) 21. Red1 Red8 22. Qb1 (22. g3 {is superior.}) 22... c5 $11 23. Bb5 cxd4 24. Nxd4 Nxd4 25. Bxd4 {A strong pair of Bishops.} Bc5 26. Qd3 g6 27. Qe3 Bxd4 28. Rxd4 Ng5 {[%mdl 64] [#] Deflection} 29. Qd2 {[%cal Od4d5]} (29. Rad1 {simplifies} Ne6 30. Rxd5 Rxd5 31. Rxd5 Qxe3 32. fxe3 Rc1+ 33. Kf2) 29... Rc2 $2 {[%mdl 8192]} 30. Qxg5 $2 $18 {Carlsen just laughed here.} ({Not} 30. Qxc2 Qxd4 31. Qe2 Qb4 $11 (31... Ne4 32. Rd1 $11)) 30... Rxf2 31. Qxd8+ Qxd8 32. Kxf2 Qc7 33. Rxd5 Qb6+ 34. Ke2 Qe6 35. Rad1 Qf5 36. R1d4 Qc2+ 37. Kf3 Kg7 38. h3 h5 39. Rd7 g5 40. Bc4 Qf5+ 41. Ke2 Qxe5+ 42. Kd1 Qh2 43. R4d6 Qg1+ 44. Kc2 Qxg2+ 45. Kb3 Kf8 46. Rxf7+ Ke8 {Weighted Error Value: White=0.09 (flawless) /Black=0.35} 47. Rg6 1-0

[Event "13th Norway Chess 2025"]
[Site "Stavanger NOR"]
[Date "2025.05.31"]
[Round "5"]
[White "Caruana, Fabiano"]
[Black "Carlsen, Magnus"]
[Result "1/2-1/2"]
[WhiteElo "2776"]
[BlackElo "2837"]
[Annotator "Rafael Leitao"]
[PlyCount "133"]
[EventDate "2025.05.26"]
[TimeControl "40/7200:0"]

1. e4 e5 2. Nf3 Nc6 3. Bb5 a6 4. Ba4 Nf6 5. O-O Be7 6. Bxc6 dxc6 7. Re1 {Este sistema de abertura foi jogado na primeira partida do match Nepomniachtchi-Ding em 2023. Embora tenha sido discutido apenas uma vez na disputa, este lance agora é testado de vez em quando por Grandes Mestres fortes.} Nd7 {O lance principal, mas 7...Bg4 e 7...Dd6 são alternativas importantes.} (7... Bg4) (7... Qd6) 8. d4 Bf6 {Um lance muito raro, jogado em apenas uma partida de GM na histórica Olimpíada de Buenos Aires em 1978.} (8... exd4 {foi o lance jogado por Ding e pela esmagadora maioria dos jogadores de xadrez.}) ({RR} 8... exd4 9. Qxd4 O-O 10. Bf4 Nc5 11. Qe3 Bg4 12. Nd4 Qd7 13. Nc3 Rad8 14. Nf5 Ne6 15. Nxe7+ Qxe7 16. Bg3 Bh5 17. f3 f6 18. h3 h6 19. Kh2 Bf7 20. Rad1 b6 21. a3 a5 22. Ne2 Rxd1 23. Rxd1 {Nepomniachtchi,I (2795)-Ding Liren (2788) Astana KAZ 2023 ½-½ (49)}) ({RR} 8... Bd6 9. Nbd2 exd4 10. Nxd4 Ne5 11. Nf5 O-O 12. Nxd6 Qxd6 13. Nf1 Qf6 14. Qd2 Ng6 15. Qg5 Qxg5 16. Bxg5 f5 17. exf5 Bxf5 18. Rac1 h6 19. Be3 Rad8 20. f3 b6 21. Bf2 Rfe8 22. Bg3 Rxe1 23. Rxe1 {Golod,V (2489)-Mindlin,A (2444) Israel ISR 2025 ½-½ (31)}) 9. Be3 {Simplesmente reforçando o centro. Isso é melhor do que trocar em e5 para jogar o final.} ({Após} 9. dxe5 Nxe5 10. Qxd8+ Kxd8 11. Nxe5 Bxe5 12. Nd2 Be6 13. Nf3 Bf6 14. Bg5 Ke7 {a estrutura de peões melhor não é suficiente para oferecer vantagem às Brancas.}) (9. c3 {é semelhante à partida.}) 9... O-O 10. c3 $146 {Um lance novo e lógico. Caruana quer terminar o desenvolvimento com Dc2-Tad1 e lutar por uma vantagem com seu bom controle central.} (10. Nc3 {foi jogado em Ermenkov-Hernandez Onna, Olimpíada de Buenos Aires 1978.}) ({RR} 10. Nc3 Qe7 11. Qd3 Rd8 12. d5 c5 13. a4 Qd6 14. Nd2 Be7 15. Nc4 Qg6 16. f4 Bd6 17. f5 Qh5 18. Rf1 f6 19. Rf3 b6 20. Kh1 Nf8 21. Rg1 Qe8 22. g4 h6 23. b3 Bd7 24. Qd2 Nh7 {Ermenkov,E (2520)-Hernandez Onna,R (2465) Buenos Aires 1978 ½-½ (35)}) 10... Re8 11. Nbd2 {Acho que o experimento na abertura foi um sucesso para as Brancas, já que não é fácil jogar com as Negras.} exd4 {Abrir mão do centro não é o ideal, mas é necessário para mover o cavalo de f8.} ({O imediato} 11... Nf8 $2 {é ruim devido a} 12. dxe5 Bxe5 13. Nxe5 Rxe5 14. f4 Re8 15. f5 {com uma vantagem esmagadora para as Brancas, graças à sua estrutura de peões muito superior.}) (11... b6 $5 {é um plano alternativo, e eu posso imaginar muitos jogadores tentando-o. As Negras simplesmente querem desenvolver o bispo em b7. As Brancas mantêm uma pequena vantagem após} 12. Qc2 (12. Nc4 $6 {é pior:} exd4 13. Bxd4 c5 14. Bxf6 Nxf6 {e as Negras não têm problemas.}) 12... Bb7) (11... a5 {é um lance sutil, uma ideia parecida com a que Carlsen joga mais tarde na partida.}) 12. cxd4 Nf8 13. Qc2 Ng6 14. h3 {As Brancas melhoram a posição calmamente.} a5 $5 {Tentando ganhar espaço na ala da dama. Após a5-a4, há também uma pequena chance de a torre entrar em jogo usando a casa a5, falaremos mais sobre isso depois.} (14... Be6 15. Rad1 {com a iniciativa das Brancas.}) 15. Rad1 (15. a4 {para o avanço do peão, mas as Negras podem usar a casa b4 depois de} Be7) 15... a4 16. Nb1 $1 {Uma excelente manobra para melhorar o cavalo.} Be7 17. Nc3 Bb4 (17... a3 $5 {As Negras podem considerar jogar esse lance antes de colocar o bispo em b4.}) 18. d5 {Caruana joga o meio-jogo com muita energia.} (18. a3 {é uma abordagem mais simples e também possível. Após} Bxc3 19. bxc3 {As Brancas mantêm uma pequena vantagem. Se conseguirem avançar os peões no centro, a posição das Negras pode se tornar perigosa.} (19. Qxc3 $2 {perde um peão:} Rxe4)) 18... Qe7 $6 {Carlsen tinha que encontrar um lance muito difícil sugerido pela máquina para ter chances realistas de igualar.} (18... cxd5 $2 {é errado:} 19. Nxd5 Bxe1 $2 20. Nxc7 {com uma vantagem decisiva.}) (18... Nh4 $1 {é o lance recomendado pelo computador. Após} 19. Nxh4 Qxh4 {surpreendentemente, as Negras estão mais ou menos bem, com um possível sacrifício de bispo em h3 pairando no ar.}) 19. a3 Bd6 (19... Bxc3 20. Qxc3 cxd5 21. exd5 {É perigoso para as Negras abrir a posição devido ao desenvolvimento superior das Brancas.}) 20. Bd4 {As Negras estão sob forte pressão.} (20. dxc6 bxc6 {As Brancas têm uma vantagem estável e muitas ideias promissoras. Uma delas é} 21. Bg5 $5 (21. Nxa4 Qxe4 {não é tão convincente.}) 21... f6 22. Bc1 {seguido pela captura do peão de a4.}) 20... Qd7 $1 {O único lance. Carlsen, aliás, encontrará vários lances difíceis e forçados nesta partida, que é uma verdadeira aula de defesa.} (20... c5 $2 {perde forçado:} 21. e5 $1 cxd4 22. exd6 Qf8 23. Nb5 {com uma vantagem esmagadora.}) (20... f6 {impede e4-e5, mas perde um peão:} 21. dxc6 bxc6 22. Nxa4) 21. e5 $1 {Caruana ataca da maneira mais eficiente.} (21. dxc6 Qxc6 {é defensável.}) (21. Nxa4 Nf4 $1 {é uma excelente recomendação da máquina, com a ideia de sacrificar o cavalo em h3 ou g2. As Negras conseguem alcançar um contra-ataque repentino.} (21... cxd5 22. Nc3 Nf4 {também é possível.})) 21... Bf8 22. e6 $1 (22. d6 {é menos perigoso. As Negras estão bem depois de} cxd6 23. exd6 Rxe1+ 24. Nxe1 Qf5 $1) 22... fxe6 23. dxe6 (23. dxc6 {também é interessante. Depois de} Qxc6 24. Ne5 $1 Nxe5 25. Bxe5 {as Brancas sacrificam um peão, mas tem excelente compensação. O plano é mover a dama para g4 e o cavalo para e4 com um ataque.}) 23... Rxe6 24. Ne4 {A situação é crítica, mas Carlsen encontra um lance brilhante.} Ra5 $3 {O único lance. A torre entra no jogo no momento certo. Qualquer outra coisa simplesmente perde.} (24... Qe8 $2 25. Neg5) (24... Bd6 $2 25. Nfg5) (24... h6 $2 25. Nf6+) 25. Bc5 (25. Nfg5 $2 {não funciona mais com a torre em a5.} Rxg5 $1 26. Nxg5 Rxe1+ 27. Rxe1 Qxd4 {ganhando material.}) 25... Qe8 26. Qc3 (26. Qc4 $5 {também é muito perigoso. As Negras precisam encontrar vários lances difíceis para sobreviver.} b6 $1 27. Nfg5 Ne5 28. Qe2 {Vamos seguir a principal linha recomendada pelo computador:} bxc5 29. Nxe6 Bxe6 30. f4 {As Negras têm problemas na coluna 'e', mas há uma saída.} Bb3 $1 31. fxe5 c4 $3 {A torre está salvando o dia novamente.} (31... Bxd1 32. Rxd1 {deixa as Negras com problemas posicionais.}) 32. Rc1 Rxe5 {com contra-jogo.}) 26... b6 27. Bxf8 Nxf8 (27... Qxf8 $2 {perde para} 28. Nd4) 28. Neg5 Rxe1+ 29. Rxe1 Qd8 (29... Qg6 {é mais preciso quando as Negras estão próximas da igualdade.}) 30. Qxc6 h6 31. Ne4 Be6 $6 (31... Qd7 $1 {é melhor.}) 32. Nc3 Qd7 33. Qxd7 Bxd7 34. Re7 {As Negras ainda não estão fora de perigo.} Rc5 $6 (34... Rf5 $1 35. Ne5 Be6 {dá melhores chances de defesa.}) 35. Ne5 Bf5 36. g4 $6 (36. Nxa4 {não é muito preciso:} Rc1+ 37. Kh2 Rc2 {com chances de empate.}) (36. Re8 $1 {é muito desagradável para as Negras.} g5 (36... Kh7 37. Rxf8 Rxe5 38. Nxa4 {com um peão a mais no final.}) 37. g4 Be6 38. Ng6 Bf7 (38... Kf7 $2 39. Nxf8 Kxe8 40. Nxe6) 39. Rxf8+ Kg7 40. Ra8 Kxg6 41. Rxa4 {Talvez as Negras ainda consigam escapar com uma defesa perfeita, mas será uma longa tortura jogar o final com um peão a menos.}) 36... Ng6 $1 37. Re8+ Kh7 38. f4 (38. Nxg6 Bxg6 {seguido por b6-b5, defendendo o peão de a4.}) 38... Nxe5 39. Rxe5 Rxe5 40. fxe5 Bd7 (40... Bd3 {é uma boa alternativa:} 41. Nxa4 Kg6 {com um empate provável.}) 41. Nd5 Kg6 42. Nxc7 Kf7 43. Kf2 {As Negras precisam encontrar a ordem correta dos lances para alcançar o empate. Carlsen finalmente comete um erro claro.} g5 $2 (43... Bc6 $1 {é o único caminho.} 44. Ke3 (44. h4 g5 $1 45. hxg5 hxg5 46. Ke3 Bd7 {A pressão em g4 salva as Negras.}) 44... Bg2 $1 {chegou na hora certa $1} (44... g5 $2 45. Kd4 {as Brancas vencem, como veremos na análise da partida.}) 45. h4 g5 $1 46. hxg5 hxg5 {Novamente as Negras estão prontas para atacar o peão de g4.} 47. Nb5 Ke6 48. Kd4 (48. Nc3 Kxe5 49. Nxa4 b5 {e parece que as Brancas não conseguem vencer, mesmo estando com um peão a mais.}) 48... Bf3 49. Nc3 Bxg4 50. Nxa4 Bf3 51. Nxb6 g4 {O peão de g custará material às Brancas: ou o cavalo, ou o peão de e.}) 44. Nd5 $2 {Carlsen deixa passar um ganho.} (44. Ke3 $1 Bc6 45. Kd4 Bg2 46. Nd5 $1 Ke6 (46... Bxh3 {A questão é que as Brancas podem jogar} 47. Ne3 $1 {quando o bispo está preso.}) 47. Nxb6 Bxh3 48. Nxa4 Bxg4 49. Nc5+ Ke7 50. b4 $1 {Os peões das Brancas são mais rápidos, por exemplo:} h5 51. b5 h4 52. Ke3 $1 {quando o rei se aproxima do peão de h.}) 44... Ke6 45. Nf6 (45. Nxb6 Bb5 {seguido da captura do peão de e5.}) 45... Bc8 46. Ng8 Kxe5 47. Nxh6 Be6 48. Ke3 b5 49. Nf5 Bxf5 50. gxf5 Kxf5 {O empate fica claro.} 51. Kf3 Kf6 52. Kg4 Kg6 53. Kg3 Kh5 54. Kf3 Kh4 55. Kg2 g4 56. hxg4 Kxg4 57. Kf2 Kf4 58. Ke2 Ke4 59. Kd2 Kd4 60. Kc2 Kc4 61. b3+ axb3+ 62. Kb2 b4 63. a4 Kd5 64. Kxb3 Kc5 65. a5 Kb5 66. a6 Kxa6 67. Kxb4 {Uma luta maravilhosa entre dois gigantes do jogo.} 1/2-1/2

[Event "13th Norway Chess 2025"]
[Site "Stavanger NOR"]
[Date "2025.05.31"]
[Round "5"]
[White "Caruana, Fabiano"]
[Black "Carlsen, Magnus"]
[Result "0-1"]
[WhiteElo "2782"]
[BlackElo "2883"]
[PlyCount "112"]
[EventDate "2025.05.26"]

1. e4 e5 2. Nf3 Nc6 3. Bc4 Nf6 4. d3 Bc5 5. c3 d6 6. Bg5 h6 7. Bh4 a6 8. a4 Ba7 9. Nbd2 Qe7 10. b4 Nd8 ({RR} 10... Be6 11. O-O Bxc4 12. Nxc4 Qe6 13. b5 Ne7 14. Bxf6 Qxf6 15. Rb1 axb5 16. Rxb5 Rb8 17. Qb3 O-O 18. Rxb7 Ng6 19. Rxb8 Rxb8 20. Qd1 c6 21. Re1 Nf4 22. d4 exd4 23. cxd4 Rb4 24. Ne3 Rb2 25. Nc4 {Firouzja,A (2767)-Carlsen,M (2832) Paris FRA 2024 0-1 (35)}) 11. O-O ({RR} 11. b5 Ne6 12. bxa6 bxa6 13. Bd5 Rb8 14. Nc4 g5 15. Bg3 Nxd5 16. exd5 Nf4 17. O-O Nxd5 18. Re1 O-O 19. Nfxe5 dxe5 20. Rxe5 Be6 21. h4 gxh4 22. Bh2 Qf6 23. Qd2 Kh7 24. d4 Rg8 25. Na5 Qf3 {Tsydypov,Z (2514)-Rasulov,V (2483) chess.com INT 2025 0-1 (36)}) 11... Ne6 12. d4 $146 (12. Bb3 g5 13. Bg3 h5 {1-0 (48) Fiorito,J (2404)-Gomez Barrera,J (2209) Chess.com INT 2024}) ({RR} 12. Bb3 g5 13. Bg3 h5 14. h4 g4 15. Ne1 Nf4 16. Nc4 Ng6 17. Ne3 Ng8 18. Nd5 Qd8 19. Kh2 c6 20. Ne3 Nxh4 21. d4 Ng6 22. Kg1 Qf6 23. Nc4 h4 24. Bh2 Bb8 25. Nd3 Qg5 26. f4 exf4 {Fiorito,J (2404)-Gomez Barrera,J (2209) chess.com INT 2024 1-0 (48)}) 12... Nf4 13. Re1 Bg4 14. Nf1 Ng6 15. Bg3 Bxf3 16. Qxf3 exd4 17. cxd4 Bxd4 {Caruana has sacrificed a pawn, but Black isn't just yet finished developing. In addition, White has the pair of bishops and a bit more space.} 18. Rad1 Ne5 19. Qb3 Ba7 20. Ne3 Bxe3 21. Rxe3 Nh5 $2 (21... Nxc4 22. Qxc4 O-O {was safer.}) 22. Be2 $2 {Black eliminates the bishop pair.} ({White had one chance here for an advantage.} 22. Bxe5 $1 dxe5 23. Red3 O-O (23... Nf6 $4 {walks into some nice tactics, which Howell pointed out.} 24. Bxf7+ $1 Qxf7 25. Rd8+ Ke7 26. R8d7+ {White wins the queen.} Nxd7 27. Rxd7+ Kxd7 28. Qxf7+) 24. Rd7 {with a huge initiative.}) 22... Nxg3 23. hxg3 O-O 24. f4 Nd7 25. Bf3 a5 26. b5 Nc5 27. Qc2 Rad8 28. Rde1 c6 29. bxc6 bxc6 30. Rc1 Qa7 31. Kh2 Nxa4 32. Ra3 Nc5 33. Qf2 Rd7 {Until this moment, White generally had compensation even for the two pawns, but it's over after the next move.} 34. Bg4 $4 Nxe4 $1 {Blitzed out by Carlsen.} 35. Qa2 (35. Qxa7 Rxa7 {saves the rook and Black is three pawns up.}) 35... Rc7 36. Rxa5 Qe3 37. Qa3 Qxa3 38. Rxa3 {Up two pawns in a must-draw game, a good deal for Magnus $1} d5 39. Bf3 f5 40. Ra6 Rf6 41. Ra8+ Kh7 42. Rd8 Rd6 43. Rxd6 Nxd6 44. Bxd5 c5 45. Bb3 c4 46. Bc2 g6 47. Rd1 Ne4 48. Rd4 h5 49. Kh3 c3 50. Kh4 Kh6 51. Rd3 Ra7 52. Rd1 Ra2 53. Rc1 Nf2 54. Bb3 Rb2 55. Rxc3 Rb1 56. g4 Rh1+ {0-} 0-1

[Event "Norway Chess 2025"]
[Site "Stavanger, Norway"]
[Date "2025.05.27"]
[Round "2.2"]
[White "Nakamura, Hikaru"]
[Black "Carlsen, Magnus"]
[Result "1/2-1/2"]
[WhiteElo "2804"]
[BlackElo "2837"]
[Annotator "Chess.com"]
[PlyCount "67"]
[EventDate "2025.??.??"]
[TimeControl "40/7200:0"]

{[%evp 0,67,19,19,19,19,19,7,6,-13,7,7,17,15,19,-36,-6,-38,2,-16,-3,-14,0,-3,16,21,34,2,2,11,15,11,11,-5,17,-6,-2,-19,-12,-33,-24,-24,-4,-41,-12,-12,-28,-30,-9,-87,-68,-73,-26,-24,-24,-46,-3,-32,-1,-1,15,-1,0,7,25,25,25,25,25,25]} 1. e4 e5 2. Nf3 Nc6 3. Bb5 a6 4. Ba4 Nf6 5. d3 Bc5 6. O-O d6 7. c3 O-O 8. Nbd2 Ba7 9. h3 Ne7 10. Re1 Ng6 11. Nf1 d5 $146 ({RR} 11... b5 12. Bc2 Re8 13. d4 Bb7 14. Ng3 Nf4 15. b3 h6 16. d5 Bc8 17. Be3 Bd7 18. Bxa7 Rxa7 19. c4 c6 20. Qd2 Nh7 21. Rad1 c5 22. Kh2 b4 23. Ne2 Ng6 24. Rf1 a5 25. g3 a4 26. h4 {Krutko,A (2397)-Putri,R (1897) Chess.com INT 2022 0-1 (69)}) ({RR} 11... c6 12. d4 exd4 13. cxd4 d5 14. e5 Ne4 15. Bc2 f5 16. Ng3 Nh4 17. Nh2 c5 18. Ne2 cxd4 19. Bd3 Nxg2 20. Kxg2 Qh4 21. Rf1 f4 22. Ng1 Bxh3+ 23. Nxh3 f3+ 24. Nxf3 Qg4+ 25. Kh2 Rxf3 26. Qxf3 {Pranav,V (2597)-Wei Yi (2722) chess.com INT 2023 0-1}) ({RR} 11... c6 12. Ng3 d5 13. Bg5 h6 14. Be3 Bxe3 15. Rxe3 dxe4 16. dxe4 Be6 17. Bb3 Qxd1+ 18. Rxd1 Rfd8 19. Red3 Rxd3 20. Rxd3 Kf8 21. Bxe6 fxe6 22. Nd2 Nf4 23. Re3 Rd8 24. Nc4 Rd1+ 25. Kh2 Nd7 26. Ne2 {Urazayev,A (2467)-Makarian,R (2547) chess.com INT 2025 ½-½ (40)}) 12. exd5 Nxd5 13. d4 $6 {This leads to trouble—when played in the earlier Nakamura-Caruana game, Black still had a bishop on c5.} (13. Ng3 {was suggested by Carlsen first, and it does seem to keep the position rock-solid.}) (13. Bc2 {is an alternative.}) 13... exd4 14. Nxd4 c5 $1 {Carlsen seizes the chance to expand on the queenside.} 15. Nf3 b5 $1 16. Bc2 Bb7 17. a4 c4 $1 18. Bd2 $6 {Both a shaky move, and one that cost Nakamura 31 minutes, leaving him over 40 minutes down on the clock.} Qc7 19. Nd4 $6 b4 $1 {This is the high-water mark of Carlsen's advantage. He's 24 minutes up on the clock and close to winning, according to the computer, but from here Nakamura begins to play fast and equalize the game.} 20. Qg4 Rae8 21. Rad1 bxc3 $6 {The first misstep of the whole game by the world number-one.} (21... b3 $1 {or}) (21... Nf6 $1 {keep a bigger edge.}) 22. bxc3 Nf6 23. Qg3 Qa5 $5 24. Qg5 {Offering an exchange of queens.} Qxg5 $6 {Carlsen accepts, thinking he can do his thing of pushing in the endgame, but it turns out he's soon no better. It's also notable that in playing this move, he dropped lower on the clock than Nakamura.} (24... Qc7 {is the computer suggestion, but it's always tough to reverse your previous move.}) 25. Bxg5 Ne4 26. Bxe4 Bxe4 {Black has the bishop pair, but the position is too unstable.} 27. Nd2 Bd5 28. Nc2 Rxe1+ 29. Rxe1 Rc8 30. Nb4 Bb7 31. Ne4 (31. Nxc4 {was also possible, illustrating how tricky things have become e.g.} Rxc4 32. Re8+ Nf8 33. Re7) 31... a5 $1 {Here it's Carlsen who needs to be precise $1} (31... f6 $5 32. Nd6 $1 {again highlights issues in Black's camp.}) 32. Nd6 Rb8 33. Nc2 Bc6 $1 {One last precise move.} 34. Be3 $1 {Mass exchanges would likely now follow, but neither player had an urge to play on in this position with six minutes on their clock, and a draw was agreed.} 1/2-1/2